Complete a Letra de Winx - Statistics

Estatísticas Gerais
  • Esse quiz foi jogado 448 vezes
  • A pontuação média é 24 de 30
Estatísticas das Respostas
Letra % Correto
Quando damos nossas {mãos}
100%
Quando damos nossas {mãos}
100%
{Uma} de nós
100%
{Uma} de nós
100%
{Winx}!
99%
{Winx}!
99%
{Winx}!
99%
{Winx}
99%
{Winx}
99%
Sei que você vai {querer} ser
98%
Sei que você vai {querer} ser
98%
Nos tornamos {poderosas}
97%
Nos tornamos {poderosas}
97%
Porque {juntas} somos invencíveis
96%
Porque {juntas} somos invencíveis
96%
Venha se juntar {à} {nós}, voando
90%
Venha se juntar {à} {nós} voando
90%
E o {mundo} iluminar
86%
Elas podem {voar}
78%
Vou {voar} bem alto!
78%
É tão bom poder {sorrir}
75%
Colore a minha {vida}
65%
Dando início a uma {aventura} Estelar!
60%
Fantás{ticas} Winx
58%
Com {tudo} o que imagino
54%
O raio mais {poderoso}, tem a marca das Winx!
54%
Com o nosso {raio} o céu incendeia
43%
Novidade {igual} não há
43%
E numa {nuvem} a mente vagueia
39%
{Companheiras} pra valer
34%
Nenhum quiz correspondente encontrado
Distribuição das Pontuações
Porcentagem de Pessoas com Cada Pontuação
Percentil de Números Respondidos
Sua Pontuação Histórica
Você não jogou esse quiz